000 00515nam a2200169 i 4500
001 65830
003 ES-MaACL
005 20230906165500.0
007 t|
008 040122s1958 sp ||||1| spa d
100 1 _aFuentes Pascual, Francisco.
_952938
245 1 0 _aBocetos de historia tudelana /
_cpor Francisco Fuentes Pascual.
260 _a[s.l. :
_bs.n.,
_c1958] (
_eTudela :
_fGráfs. Muskaria)
300 _a238 p. ;
_c21 cm.
651 4 _aTudela-
_xHistoria.
_9158609
852 _aES-MaACL
_jC-15090
_bR.42956
999 _c65830
_d65830